01157nam a22002297a 4500003000900000008004100009020001700050040007100067082001800138245007300156260002500229300004000254440003300294505042800327650002000755650002000775650003100795700002700826700002100853700003300874700002000907AR-CdUCM190304b ||||| |||| 00| 0 spa d a9972-51026-3 aMUNICIPALIDAD PROVINCIAL DEL CUSCOcBIBLIOTECA MUNICIPAL DEL CUSCO a351.0073 /bD aDescentralización y gobernabilidad en tiempos de globalización / aPiura :bIEP,c1998. a252 páginas ;bCuadros.c20.5 cm. aIdeología y polítican10 aContenido: La reforma del Estado y el problema de la conducción política -- Avances y retrocesos de la descentralización territorial y política en Colombia, Bolivia y Perú -- La descentralización en la Argentina: una reforma trunca -- La descentralización en el Perú: entre la fortaleza del centro y la debilidad de la periferia -- Globalización y descentralización vistas desde una ONG de provincia ... aGlobalización aHistoria social aParticipación política aRevesz, Bruno (Editor) aEguren, Fernando aGonzales de Olarte, Efraín aHaour, Bernardo